logo

Bir Sreshtho Munshi Abdur Rouf Library
Jhenaidah Cadet College

পৌরনীতি ও সুশাসন দ্বিতীয় পত্র একাদশ-দ্বাদশ শ্রেণি / (Record no. 5807)

MARC details
000 -LEADER
fixed length control field 01061nam a2200241 a 4500
001 - CONTROL NUMBER
JCCL Control Number 5807
003 - CONTROL NUMBER IDENTIFIER
JCCL marc code BD-JhCC
005 - DATE AND TIME OF LATEST TRANSACTION
control field 20171221190751.0
008 - FIXED-LENGTH DATA ELEMENTS--GENERAL INFORMATION
fixed length control field 171221s2014 bg a|||| || | 000 0 ben d
035 ## - SYSTEM CONTROL NUMBER
system control number (BD-JhCC)5807
040 ## - CATALOGING SOURCE
Original cataloging agency BD-JhCC
Modifying agency BD-JhCC
041 ## - LANGUAGE CODE
Language code of Book eng
082 ## - DEWEY DECIMAL CLASSIFICATION NUMBER
Classification number 320
Author mark and Year BHU 2014
100 ## - MAIN ENTRY--PERSONAL NAME
Personal name ভূঁইয়া, মোহাম্মদ আব্দুল ওদুদ
245 ## - TITLE STATEMENT
Title পৌরনীতি ও সুশাসন দ্বিতীয় পত্র একাদশ-দ্বাদশ শ্রেণি /
Statement of responsibility, etc মোহাম্মদ আব্দুল ওদুদ ভূঁইয়া, কানিজ তাহমিনা, বদর উদ্দিন আহাম্মদ
260 ## - PUBLICATION, DISTRIBUTION, ETC. (IMPRINT)
Place of publication, distribution, etc ঢাকা :
Name of publisher, distributor, etc অক্ষরপত্র প্রকাশনী,
Date of publication, distribution, etc 2014.
300 ## - PHYSICAL DESCRIPTION
Pagination 271 p. :
Dimensions 24 cm.
650 ## - SUBJECT ADDED ENTRY--TOPICAL TERM
Topical term or geographic name as entry element Political Science
General subdivision Studay and Teaching
700 ## - ADDED ENTRY--PERSONAL NAME
Personal name তাহমিনা, কানিজ
700 ## - ADDED ENTRY--PERSONAL NAME
Personal name আহাম্মদ, বদর উদ্দিন
942 ## - ADDED ENTRY ELEMENTS (KOHA)
Source of classification or shelving scheme Dewey Decimal Classification
Koha item type Books
Holdings
Source of classification or shelving scheme Damaged status Not for loan Home library Current library Shelving location Date of accession Total Checkouts Full call number Barcode Date last seen Date checked out Copy number Koha item type Cost, normal purchase price
Dewey Decimal Classification     JCC Rouf Library JCC Rouf Library General Stacks 12/21/2017 2 320 BHU 2014 7912 07/18/2024 03/24/2024 C - 1 Books  
Dewey Decimal Classification     JCC Rouf Library JCC Rouf Library General Stacks 02/06/2018   320 BHU 2014 9657 02/06/2018   C-2 Books 109.00
Dewey Decimal Classification     JCC Rouf Library JCC Rouf Library General Stacks 02/06/2018 3 320 BHU 2014 9656 10/24/2024 07/24/2024 C-3 Books 109.00

JCC Library | Contacts | JCC Home

Last Update on 23 September 2017
Copyright @ 2017-2020 JCC Rouf Library
Rouf Library, Jhenidah Cadet College (JCC), Bangladesh